نهاية الإغتباط بمن رمي من الرواة بالاختلاط / (رقم التسجيلة. 85094)

تفاصيل مارك
000 -LEADER
fixed length control field 00533nam a22001697a 4500
005 - DATE AND TIME OF LATEST TRANSACTION
control field 20251108172643.0
008 - FIXED-LENGTH DATA ELEMENTS--GENERAL INFORMATION
fixed length control field 250721s1988 xx 000 0 ara d
082 14 - DEWEY DECIMAL CLASSIFICATION NUMBER
Classification number م/213.231/عجم
100 1# - MAIN ENTRY--PERSONAL NAME
Personal name رضا، علاء الدين علي
245 10 - TITLE STATEMENT
Title نهاية الإغتباط بمن رمي من الرواة بالاختلاط /
264 1# - PRODUCTION, PUBLICATION, DISTRIBUTION, MANUFACTURE, AND COPYRIGHT NOTICE
Place of production, publication, distribution, manufacture القاهرة :
Name of producer, publisher, distributor, manufacturer دار المعرفة،
Date of production, publication, distribution, manufacture, or copyright notice 1988.
300 ## - PHYSICAL DESCRIPTION
Extent 395 ص
650 17 - SUBJECT ADDED ENTRY--TOPICAL TERM
Topical term or geographic name as entry element علوم الحديث
650 17 - SUBJECT ADDED ENTRY--TOPICAL TERM
Topical term or geographic name as entry element رواة الحديث
942 ## - ADDED ENTRY ELEMENTS (KOHA)
Source of classification or shelving scheme Dewey Decimal Classification
Koha item type مراجع
المقتنيات
حالة السحب حالة الفقدان مصدر التصنيف حالة التلف غير قابل للإعارة المكتبة الرئيسية المكتبة الحالية موقع الرف تاريخ التزويد الرقم المتسلسل Total Checkouts رقم الإستدعاء الباركود تاريخ آخر ظهور تاريخ الفاتورة نوع المادة (كوها)
    Dewey Decimal Classification     مكتبة أم قصير والمقابلين العامة مكتبة أم قصير والمقابلين العامة الإعارة 23/07/2014 552869   م/213.231/عجم PLD00337192 28/07/2025 23/07/2014 مراجع
    Dewey Decimal Classification   Not For Loan مكتبة صويلح العامة مكتبة صويلح العامة مراجع 06/09/2015 552862   م/213.231/عجم PLD00345103 28/07/2025 06/09/2015 مراجع
    Dewey Decimal Classification   Not For Loan مكتبة منتدى الرواد مكتبة منتدى الرواد مراجع 18/12/2017 1652257   م/213.231/عجم PLD00413710 28/07/2025 18/12/2017 مراجع
Implemented & Customized by: BBB with SCIT (Smart Chains for Information Technology)

Powered by Koha